| 000 | 00737nam a2200253Ia 4500 | ||
|---|---|---|---|
| 003 | IN-BaIIA | ||
| 008 | 211028s9999 xx 000 0 eng d | ||
| 020 | _a978-0-470-64615-1 | ||
| 040 | _cIIA Library | ||
| 080 |
_a536.24 _bINC |
||
| 100 |
_aIncropera, Frank P _935339 |
||
| 245 | 0 |
_aPrinciples of heat and mass transfer _cFrank P. Incropera...[et al.] |
|
| 250 | _a7th ed. | ||
| 260 |
_aSingapore _bJohn Wiley & Sons _c2011 |
||
| 300 | _axxiii, 1048p. | ||
| 650 |
_aConduction _935222 |
||
| 650 |
_aConvection _921799 |
||
| 650 |
_aHeat transfer _97229 |
||
| 650 |
_aMass transfer _95001 |
||
| 700 |
_aBergman, Theodore L. _935340 |
||
| 700 |
_aDewitt, David P. _935341 |
||
| 700 |
_aLavine, Adrienne S. _935342 |
||
| 942 | _cBK | ||
| 999 |
_c18410 _d18410 |
||